1873 1054 1598 1463 1284 1443 1660 1659 1769 1866 1501 1192 1651 1854 1273 1066 1721 1595 1418 1069 1167 1549 1414 1425 1949 1839 1992 1131 1313 1063 1133 1732 1250 1174 1385 1370 1756 1379 1127 1353 1095 1525 1222 1730 1642 1122 1923 1630 1181 1841 1047 1119 1130 1974 1303 1333 1518 1485 1515 1275 1007 1933 1252 1103 1366 1001 1155 1217 1620 1544 1516 1321 1736 1774 1019 1407 1447 1957 1902 1133 1003 1682 1256 1446 1088 1799 1867 1639 1925 1854 1463 1971 1601 1610 1988 1771 1879 1150 1351 BCNSPRNW ULIB Ver.6.0+V

เปลี่ยนเป็นภาษาไทย

Change to English
 แสดงรายละเอียดบรรณานุกรม
  กลับหน้าหลัก

Brief Record : Get Marc (ISO 2709) : E-mail record : QR code < ปิดหน้าต่าง
LEADER : 00000nam 2200000uu 4500
001    13399111015
003     ULIB
008    110614s||||||||th 000 0 tha d
020    9745276863
050  4 AG196^bช637ค 2544
100 0  ชุลีพร สุสุวรรณ
245 00 ความรู้รอบตัว ฉบับทั่วไป /^cรวบรวมโดย ชุลีพร สุสุวรรณ
250    ฉบับปรับปรุงใหม่
260    กรุงเทพฯ :^bอักษราพิพัฒน์,^c2544
300    304 หน้า :^bภาพประกอบ
650  7 ความรู้ทั่วไป
945    ^p65^l0^i013343
995    ทศพร
999 ^a ใช้งานได้ทุกระบบ
รายการนี้ยังไม่มีแท็ก
คุณยังไม่ได้ล็อกอิน คุณสามารถมีกิจกรรมร่วมกับเว็บไซต์ได้ แต่ต้องล็อกอินก่อน ::
  ล็อกอิน

รายการสื่อสารสนเทศ

ลำดับที่ ประเภท เลขเรียก/บาร์โค้ด สถานที่ สถานะ
- ไม่พบข้อมูล -

รายการใกล้เคียง
    หัวเรื่อง [ความรู้ทั่วไป]

BibComment


ยังไม่เคยถูกคอมเมนท์

คอมเมนท์ทรัพยากรรายการนี้
  คอมเมนท์: ความรู้รอบตัว ฉบั..


 Copyright 2026. Bcnsprnw @Library